[Event "DEM U10w 2019"]
[Site "Willingen GER"]
[Date "2019.06.13"]
[Round "8"]
[White "Kopylov, Diana"]
[Black "Stepanjan, Tatevik Mia"]
[Result "1-0"]
[Termination "normal"]
[Board "19"]
[WhiteElo "922"]
[BlackElo "940"]
[PlyCount "69"]
[WhiteFideId "16268865"]
[BlackFideId "16246128"]
[EventCountry "GER"]
[EventRounds "11"]
[EventType "swiss"]
[EventDate "2019.06.08"]

1. e4 e5 2. Nf3 Nc6 3. Bc4 Bc5 4. O-O Nf6 5. Nc3 d6 6. h3 O-O 7. d3 h6 8. Be3
Bxe3 9. fxe3 Be6 10. Nd5 Na5 11. Bb3 Nxb3 12. axb3 Nxd5 13. exd5 Bxd5 14. d4 e4
15. Nd2 Qg5 16. Qe2 Rfe8 17. Rf4 Re6 18. Qb5 Rg6 19. g4 Bc6 20. Qc4 Qh4 21.
Qxf7+ Kh7 22. Qxc7 Qg3+ 23. Kf1 Qxh3+ 24. Ke1 Qh1+ 25. Nf1 h5 26. gxh5 Qxh5 27.
Qf7 Be8 28. Qxb7 Rg2 29. Qxe4+ Qg6 30. Rh4+ Kg8 31. Qxa8 Kf8 32. Rxa7 Re2+ 33.
Kxe2 Qxc2+ 34. Nd2 Kg8 35. Qxe8# 1-0

[Event "DEM U10w 2019"]
[Site "Willingen GER"]
[Date "2019.06.13"]
[Round "8"]
[White "Marrufo, Emilia"]
[Black "Engeln, Helene"]
[Result "0-1"]
[Termination "normal"]
[Board "20"]
[WhiteElo "753"]
[BlackElo "825"]
[PlyCount "72"]
[WhiteFideId "16287363"]
[BlackFideId "16287274"]
[EventCountry "GER"]
[EventRounds "11"]
[EventType "swiss"]
[EventDate "2019.06.08"]

1. d4 d5 2. e3 f5 3. f4 Nf6 4. Nd2 e6 5. Bd3 Bd6 6. Ngf3 O-O 7. O-O Qe8 8. Ne5
Bxe5 9. fxe5 Nh5 10. Rf3 Qg6 11. Rh3 f4 12. Nf3 Qg4 13. exf4 Nxf4 14. Bxf4 Rxf4
15. Rxh7 Nc6 16. h3 Qg3 17. Qe1 Rxf3 18. Qxg3 Rxg3 19. Rh5 Nxd4 20. Rf1 Nf5 21.
Bxf5 exf5 22. Rfxf5 Bxf5 23. Rxf5 g5 24. e6 Re8 25. Re5 Kh7 26. e7 Kg6 27. Re6+
Kf7 28. Re5 b5 29. a3 c5 30. Rxd5 Rxe7 31. Rxc5 Re2 32. Kf1 Rgxg2 33. Rxb5 Rxc2
34. b4 Ra2 35. Ra5 Rgb2 36. Ra4 Rb1# 0-1

[Event "DEM U10w 2019"]
[Site "Willingen GER"]
[Date "2019.06.13"]
[Round "8"]
[White "Helber, Anna"]
[Black "Janssen, Julika"]
[Result "1/2-1/2"]
[Termination "normal"]
[Board "21"]
[WhiteElo "896"]
[BlackElo "839"]
[PlyCount "92"]
[WhiteFideId "16287290"]
[BlackFideId "16287339"]
[EventCountry "GER"]
[EventRounds "11"]
[EventType "swiss"]
[EventDate "2019.06.08"]

1. e4 c5 2. Nf3 e6 3. d4 cxd4 4. Nxd4 a6 5. Nf3 Qc7 6. Bd2 Nc6 7. Bd3 Nf6 8.
O-O Be7 9. Nc3 O-O 10. Qe2 b5 11. e5 Ne8 12. Ng5 Bxg5 13. Bxg5 f6 14. exf6 Nxf6
15. Qf3 Bb7 16. Qh3 Qe5 17. Bxf6 Qxf6 18. Qxh7+ Kf7 19. Qh5+ Ke7 20. Qc5+ Kd8
21. Qb6+ Kc8 22. Ne4 Qd4 23. Qxd4 Nxd4 24. Nd6+ Kc7 25. Nxb7 Kxb7 26. Rad1 Rf4
27. Rfe1 Rg4 28. Kf1 Rf8 29. h3 Rgf4 30. f3 d5 31. Kg1 g6 32. Bxg6 Rg8 33. c3
Rxg6 34. cxd4 Rxf3 35. Rf1 Rfg3 36. Rf7+ Kb6 37. Rd2 Rxh3 38. Kf1 Rh1+ 39. Ke2
Rh2 40. Kf3 Rh1 41. Rf2 Rg5 42. Re7 Rf5+ 43. Kg3 Rg5+ 44. Kf3 Rh6 45. g3 Rf6+
46. Kg2 Rfg6 1/2-1/2